[Event "Kiev Slavjanskoe bratstvo"]
[Site "Kiev"]
[Date "2010.08.26"]
[Round "5"]
[White "Bivol, Alina"]
[Black "Panchenko, Alexandar G"]
[Result "1-0"]
[WhiteElo "2017"]
[BlackElo "2316"]
[PlyCount "93"]
[EventDate "2010.06.22"]
[EventType "swiss"]
[EventRounds "9"]
[EventCountry "UKR"]
[SourceTitle "EXT 2011"]
[Source "ChessBase"]
[SourceDate "2010.11.26"]
[SourceVersion "1"]
[SourceVersionDate "2010.11.26"]
[SourceQuality "1"]

1. e4 Nf6 2. e5 Nd5 3. c4 Nb6 4. d4 d6 5. exd6 exd6 6. Bd3 Be7 7. Ne2 0-0 8. 0-0 Nc6 9. b3 Bf6 10. Bb2 Re8 11. Nbc3 g6 12. Bc2 Bg7 13. Qd2 Bg4 14. h3 Bxe2 15. Nxe2 d5 16. c5 Nd7 17. Bd3 Nf8 18. Rae1 Ne6 19. Kh1 Qh4 20. Bb5 a6 21. Bxc6 bxc6 22. Kh2 Qf6 23. Bc3 Ng5 24. f3 Bh6 25. Qd3 Ne6 26. Bd2 Bg7 27. Be3 Bh8 28. Qd2 h5 29. g4 hxg4 30. hxg4 Bg7 31. Kg3 g5 32. Rh1 Qg6 33. Rh3 f5 34. gxf5 Qxf5 35. Rg1 Rf8 36. Kh2 Kf7 37. Ng3 Qg6 38. f4 gxf4 39. Bxf4 Nxd4 40. Nh5 Nf3+ 41. Rxf3 Qxh5+ 42. Rh3 Qf5 43. Rg5 Qb1 44. Be5 Ke8 45. Rxg7 Qf1 46. Qg2 Rf2 47. Rh8+ 1-0

[Event "Kiev Independence Cup-A 8th"]
[Site "Kiev"]
[Date "2008.08.21"]
[Round "9"]
[White "Panchenko, Alexandar G"]
[Black "Vdovichenko, Vladislav"]
[Result "1/2-1/2"]
[WhiteElo "2332"]
[BlackElo "2222"]
[PlyCount "54"]
[EventDate "2008.08.13"]
[EventType "swiss"]
[EventRounds "11"]
[EventCountry "UKR"]
[SourceTitle "CBM 126 Extra"]
[Source "ChessBase"]
[SourceDate "2008.11.05"]
[SourceVersion "1"]
[SourceVersionDate "2008.11.05"]
[SourceQuality "1"]

1. Nf3 Nf6 2. g3 d5 3. c4 e6 4. Bg2 Be7 5. d4 0-0 6. 0-0 dxc4 7. Ne5 Nc6 8. Nxc6 bxc6 9. Bxc6 Rb8 10. Nc3 Ba6 11. e4 Bb7 12. Bxb7 Rxb7 13. Rb1 c5 14. d5 Rd7 15. Qe2 exd5 16. exd5 Nxd5 17. Nxd5 Rxd5 18. Qxc4 Qd7 19. Be3 Rd8 20. b3 Qh3 21. Qe4 Bf6 22. Rbc1 Bd4 23. Rfe1 Re5 24. Qf3 Rde8 25. Bd2 h6 26. Rxe5 Rxe5 27. Bc3 Bxc3 1/2-1/2

[Event "Kiev Independence Cup-A 8th"]
[Site "Kiev"]
[Date "2008.08.17"]
[Round "5"]
[White "Danilenko, Dmitriy"]
[Black "Panchenko, Alexandar G"]
[Result "1/2-1/2"]
[WhiteElo "2209"]
[BlackElo "2332"]
[PlyCount "35"]
[EventDate "2008.08.13"]
[EventType "swiss"]
[EventRounds "11"]
[EventCountry "UKR"]
[SourceTitle "CBM 126 Extra"]
[Source "ChessBase"]
[SourceDate "2008.11.05"]
[SourceVersion "1"]
[SourceVersionDate "2008.11.05"]
[SourceQuality "1"]

1. e4 Nf6 2. e5 Nd5 3. c4 Nb6 4. d4 d6 5. f4 Bf5 6. Nc3 dxe5 7. fxe5 e6 8. Be3 Be7 9. Nf3 0-0 10. Be2 Nc6 11. 0-0 f6 12. c5 Nd5 13. Nxd5 Qxd5 14. Qb3 Qxb3 15. axb3 fxe5 16. Nxe5 Nxe5 17. dxe5 Be4 18. b4 1/2-1/2

[Event "Kiev Independence Cup-A 8th"]
[Site "Kiev"]
[Date "2008.08.15"]
[Round "3"]
[White "Panchenko, Alexandar G"]
[Black "Dovzhenko, Alexander"]
[Result "1-0"]
[WhiteElo "2332"]
[BlackElo "1990"]
[PlyCount "77"]
[EventDate "2008.08.13"]
[EventType "swiss"]
[EventRounds "11"]
[EventCountry "UKR"]
[SourceTitle "CBM 126 Extra"]
[Source "ChessBase"]
[SourceDate "2008.11.05"]
[SourceVersion "1"]
[SourceVersionDate "2008.11.05"]
[SourceQuality "1"]

1. d4 Nf6 2. Bg5 d5 3. Bxf6 exf6 4. e3 Bd6 5. c4 dxc4 6. Bxc4 f5 7. Nc3 0-0 8. Nf3 a6 9. Qc2 Nc6 10. a3 Ne7 11. g3 b5 12. Be2 Bb7 13. 0-0 Qd7 14. Nh4 f4 15. Bf3 Bxf3 16. Nxf3 Qg4 17. Kg2 fxg3 18. hxg3 Nf5 19. Ne4 Rfe8 20. Nxd6 cxd6 21. Rae1 Rac8 22. Qd3 d5 23. Rh1 f6 24. Nh4 Nd6 25. Rc1 Qe4+ 26. Qxe4 dxe4 27. Rc5 Rxc5 28. dxc5 Nc4 29. b4 Nxa3 30. Nf5 Nc4 31. Ra1 g6 32. Nd4 Ra8 33. Nxb5 Rb8 34. Nc7 Rxb4 35. Nd5 Rb5 36. Nxf6+ Kf7 37. Nxe4 a5 38. Rc1 Rb4 39. Rxc4 1-0

[Event "Kiev Independence Cup-A 8th"]
[Site "Kiev"]
[Date "2008.08.13"]
[Round "1"]
[White "Panchenko, Alexandar G"]
[Black "Chornozem, Sergey"]
[Result "1/2-1/2"]
[WhiteElo "2332"]
[BlackElo "2102"]
[PlyCount "40"]
[EventDate "2008.08.13"]
[EventType "swiss"]
[EventRounds "11"]
[EventCountry "UKR"]
[SourceTitle "CBM 126 Extra"]
[Source "ChessBase"]
[SourceDate "2008.11.05"]
[SourceVersion "1"]
[SourceVersionDate "2008.11.05"]
[SourceQuality "1"]

1. Nf3 Nf6 2. g3 g6 3. b3 Bg7 4. Bb2 0-0 5. Bg2 d6 6. d4 Nbd7 7. Nbd2 Re8 8. 0-0 c6 9. e4 e5 10. dxe5 dxe5 11. Re1 b5 12. b4 Bf8 13. a3 a5 14. c3 Nb6 15. Qc2 Qc7 16. Nb3 axb4 17. axb4 Rxa1 18. Rxa1 Nc4 19. Bc1 Be6 20. Nbd2 h6 1/2-1/2

[Event "Kiev-ch"]
[Site "Kiev"]
[Date "2008.01.30"]
[Round "10"]
[White "Panchenko, Alexandar G"]
[Black "Bidkova, Viktoria"]
[Result "1/2-1/2"]
[WhiteElo "2327"]
[BlackElo "2028"]
[PlyCount "100"]
[EventDate "2008.01.19"]
[EventType "swiss"]
[EventRounds "11"]
[EventCountry "UKR"]
[SourceTitle "CBM 122 Extra"]
[Source "ChessBase"]
[SourceDate "2008.03.04"]
[SourceVersion "1"]
[SourceVersionDate "2008.03.04"]
[SourceQuality "1"]

1. d4 Nf6 2. Bg5 d5 3. Bxf6 exf6 4. e3 c6 5. Bd3 f5 6. Ne2 Bd6 7. c4 dxc4 8. Bxc4 Nd7 9. Nbc3 0-0 10. Qc2 Nf6 11. 0-0-0 Be6 12. Bxe6 fxe6 13. h3 Qe7 14. Kb1 Kh8 15. g4 Nd5 16. gxf5 Rxf5 17. Ne4 Rff8 18. h4 Nb4 19. Qb3 a5 20. f4 c5 21. N2c3 cxd4 22. Rxd4 Bc5 23. Nxc5 Qxc5 24. Re4 Nd5 25. Re5 Nxc3+ 26. Qxc3 Qxc3 27. bxc3 Ra6 28. Rd1 Kg8 29. Rb5 Rc6 30. Rxb7 e5 31. Rdd7 Rg6 32. fxe5 Rg2 33. Rd1 Re2 34. Rg1 Rf7 35. Rb8+ Rf8 36. Rb5 a4 37. Ra5 Rb8+ 38. Ka1 Rb7 39. e6 g6 40. h5 Kg7 41. hxg6 hxg6 42. Rxa4 Rxe3 43. Ra6 Rxc3 44. e7 Rxe7 45. Raxg6+ Kf7 46. Kb2 Rce3 47. Rg7+ Ke8 48. Rg8+ Kd7 49. Rd1+ Kc7 50. Rc1+ Kb7 1/2-1/2

[Event "Kiev-ch"]
[Site "Kiev"]
[Date "2008.01.25"]
[Round "5"]
[White "Burdalev, Kirill"]
[Black "Panchenko, Alexandar G"]
[Result "1/2-1/2"]
[WhiteElo "2157"]
[BlackElo "2327"]
[PlyCount "107"]
[EventDate "2008.01.19"]
[EventType "swiss"]
[EventRounds "11"]
[EventCountry "UKR"]
[SourceTitle "CBM 122 Extra"]
[Source "ChessBase"]
[SourceDate "2008.03.04"]
[SourceVersion "1"]
[SourceVersionDate "2008.03.04"]
[SourceQuality "1"]

1. Nf3 d5 2. d4 Nc6 3. e3 Bf5 4. Bb5 e6 5. c4 a6 6. Bxc6+ bxc6 7. Qa4 Ne7 8. Bd2 f6 9. cxd5 exd5 10. Bb4 Kf7 11. 0-0 Bd7 12. Bc5 g6 13. Nbd2 Bg7 14. Nb3 Nf5 15. Na5 Qb8 16. Ba3 Qb5 17. Qxb5 cxb5 18. Rac1 Rhc8 19. Rc3 Bf8 20. Bxf8 Kxf8 21. Rfc1 Ra7 22. Rc5 Ne7 23. Ne1 Kf7 24. Nd3 c6 25. Nb4 Rac7 26. f3 Ke6 27. Kf2 Kd6 28. e4 Be6 29. R5c3 Bd7 30. a3 Ra7 31. Rc5 Rac7 32. R5c3 Ra7 33. Rc5 Rac7 34. Nd3 Ra7 35. h4 Rac7 36. Ke3 Ra7 37. e5+ Ke6 38. g4 Kf7 39. exf6 Kxf6 40. Ne5 Re8 41. Kf4 h6 42. Nxd7+ Rxd7 43. Nxc6 g5+ 44. hxg5+ hxg5+ 45. Kg3 Ng6 46. R5c2 Rh8 47. Ne5 Nxe5 48. dxe5+ Kxe5 49. Rc6 Rdh7 50. Rg6 Rh3+ 51. Kf2 Rf8 52. Rxg5+ Kf4 53. Rf5+ Rxf5 54. gxf5 1/2-1/2

[Event "Kiev-ch"]
[Site "Kiev"]
[Date "2008.01.20"]
[Round "2"]
[White "Panchenko, Alexandar G"]
[Black "Stavroyany, Sergey"]
[Result "1/2-1/2"]
[WhiteElo "2327"]
[BlackElo "2217"]
[PlyCount "36"]
[EventDate "2008.01.19"]
[EventType "swiss"]
[EventRounds "11"]
[EventCountry "UKR"]
[SourceTitle "CBM 122 Extra"]
[Source "ChessBase"]
[SourceDate "2008.03.04"]
[SourceVersion "1"]
[SourceVersionDate "2008.03.04"]
[SourceQuality "1"]

1. Nf3 Nf6 2. g3 g6 3. b3 Bg7 4. Bb2 d6 5. d4 0-0 6. Bg2 a5 7. a4 Nbd7 8. Nbd2 e5 9. dxe5 Ng4 10. Nc4 Ndxe5 11. Ncxe5 Nxe5 12. Nxe5 Bxe5 13. Bd4 Qf6 14. e3 h5 15. f4 Bxd4 16. Qxd4 Qxd4 17. exd4 c6 18. Kd2 Bf5 1/2-1/2

[Event "Oberliga NRW 0708"]
[Site "Germany"]
[Date "2007.11.04"]
[Round "3.5"]
[White "Kamp, Christoph"]
[Black "Panchenko, Alexandar G"]
[Result "0-1"]
[WhiteElo "2268"]
[BlackElo "2346"]
[PlyCount "166"]
[EventDate "2007.09.16"]
[EventType "team-tourn"]
[EventRounds "9"]
[EventCountry "GER"]
[SourceTitle "EXT 2009"]
[Source "ChessBase"]
[SourceDate "2008.11.26"]
[SourceVersion "1"]
[SourceVersionDate "2008.11.26"]
[SourceQuality "1"]
[WhiteTeam "Muenster"]
[BlackTeam "Betzdorf Kirchen"]
[WhiteTeamCountry "GER"]
[BlackTeamCountry "GER"]

1. c4 e6 2. Nc3 Nf6 3. e4 d5 4. e5 Ne4 5. Nxe4 dxe4 6. Qg4 Nc6 7. Qxe4 Qd4 8. Qxd4 Nxd4 9. Kd1 Bd7 10. d3 Ba4+ 11. b3 Bc6 12. Be3 0-0-0 13. Ne2 Nf5 14. Kc2 Be7 15. Ng3 Nxe3+ 16. fxe3 Bg5 17. Re1 Rhf8 18. h4 Bh6 19. Nh5 f6 20. exf6 g6 21. Nf4 Bxf4 22. exf4 Rxf6 23. Rh2 Rxf4 24. g3 Rf3 25. Bh3 Rfxd3 26. Bxe6+ Kb8 27. g4 R3d4 28. Rf2 a6 29. Ree2 Bd7 30. Bxd7 R8xd7 31. Rg2 Rf4 32. Ref2 Rdd4 33. Rxf4 Rxf4 34. h5 Kc8 35. hxg6 hxg6 36. g5 Rf5 37. Kd3 Kd7 38. Ke4 Ke6 39. a3 Ra5 40. a4 Rf5 41. Rg3 a5 42. Rg1 b6 43. Rg3 c6 44. Rg1 Kd6 45. Rg3 Kc5 46. Kd3 Kb4 47. Kc2 Rf2+ 48. Kc1 Ka3 49. Re3 Rg2 50. Re6 Rxg5 51. Rxc6 Kxb3 52. Kd2 Rg3 53. Rxb6+ Kxc4 54. Rb5 Rd3+ 55. Kc2 Rd5 56. Rb6 g5 57. Re6 Kd4 58. Kd2 g4 59. Rg6 Ke4+ 60. Ke2 Kf4 61. Ra6 Kg3 62. Kf1 Kf3 63. Rf6+ Ke3 64. Rf8 Rd4 65. Kg2 Rxa4 66. Ra8 Kd3 67. Kg3 Kc3 68. Ra7 Kb2 69. Ra8 Kb3 70. Ra7 Ra1 71. Kxg4 a4 72. Kf3 Re1 73. Rb7+ Ka2 74. Kf2 Re8 75. Rb6 a3 76. Rb7 Ka1 77. Rb6 a2 78. Rb7 Rh8 79. Ke2 Rh1 80. Kd2 Rb1 81. Rc7 Kb2 82. Rb7+ Ka3 83. Ra7+ Kb3 0-1

[Event "Kiev Independence Cup-A 7th"]
[Site "Kiev"]
[Date "2007.08.14"]
[Round "2"]
[White "Panchenko, Alexandar G"]
[Black "Shmat, Sergey"]
[Result "1-0"]
[WhiteElo "2346"]
[BlackElo "2076"]
[PlyCount "53"]
[EventDate "2007.08.13"]
[EventType "swiss"]
[EventRounds "11"]
[EventCountry "UKR"]
[SourceTitle "CBM 119 Extra"]
[Source "ChessBase"]
[SourceDate "2007.09.04"]
[SourceVersion "1"]
[SourceVersionDate "2007.09.04"]
[SourceQuality "1"]

1. Nf3 Nf6 2. g3 g6 3. b3 Bg7 4. Bb2 0-0 5. Bg2 c5 6. c4 Nc6 7. 0-0 d6 8. d4 cxd4 9. Nxd4 Bd7 10. Nc3 a5 11. Ndb5 Qc8 12. e4 Bh3 13. Qe2 Bxg2 14. Kxg2 Nd7 15. Nd5 Qd8 16. Rad1 Bxb2 17. Qxb2 Nc5 18. Rfe1 Ra6 19. Ndc7 Rb6 20. e5 Nb4 21. Re3 Nca6 22. exd6 exd6 23. Nxa6 bxa6 24. Nc3 Re8 25. Rxe8+ Qxe8 26. a3 Nc6 27. Nd5 1-0

[Event "Kiev Independence Cup-A 7th"]
[Site "Kiev"]
[Date "2007.08.13"]
[Round "1"]
[White "Artemchuk, Taras"]
[Black "Panchenko, Alexandar G"]
[Result "1-0"]
[WhiteElo "2187"]
[BlackElo "2346"]
[PlyCount "55"]
[EventDate "2007.08.13"]
[EventType "swiss"]
[EventRounds "11"]
[EventCountry "UKR"]
[SourceTitle "CBM 119 Extra"]
[Source "ChessBase"]
[SourceDate "2007.09.04"]
[SourceVersion "1"]
[SourceVersionDate "2007.09.04"]
[SourceQuality "1"]

1. d4 Nf6 2. c4 e5 3. dxe5 Ng4 4. Bf4 g5 5. Bd2 Nxe5 6. Nf3 Bg7 7. Nc3 h6 8. Nxe5 Bxe5 9. e3 d6 10. Bd3 Bg7 11. Qb3 Nd7 12. 0-0-0 Nc5 13. Qc2 Nxd3+ 14. Qxd3 Qf6 15. f4 gxf4 16. exf4 0-0 17. Be3 Bg4 18. Rd2 Bf5 19. Qf1 c5 20. g4 Bd7 21. f5 Bc6 22. Rg1 Qe7 23. Nd1 f6 24. Bf4 Rad8 25. Nc3 Rfe8 26. Qh3 Qf7 27. b3 d5 28. cxd5 1-0

[Event "Uzhgorod Spring op"]
[Site "Uzhgorod"]
[Date "2007.05.27"]
[Round "7"]
[White "Kobal, Vladimir"]
[Black "Panchenko, Alexandar G"]
[Result "0-1"]
[WhiteElo "2173"]
[BlackElo "2365"]
[PlyCount "78"]
[EventDate "2007.05.24"]
[EventType "swiss"]
[EventRounds "7"]
[EventCountry "UKR"]
[SourceTitle "CBM 118 Extra"]
[Source "ChessBase"]
[SourceDate "2007.07.04"]
[SourceVersion "1"]
[SourceVersionDate "2007.07.04"]
[SourceQuality "1"]

1. e4 Nf6 2. d3 e5 3. Nf3 Nc6 4. Be2 d5 5. exd5 Nxd5 6. 0-0 Be7 7. Bd2 0-0 8. Nc3 Re8 9. h3 f5 10. Re1 Bf6 11. Bf1 Be6 12. Nxd5 Bxd5 13. c4 Bf7 14. Bc3 Qd6 15. Qb3 Rab8 16. a4 a5 17. Rad1 b6 18. Rd2 Rbd8 19. Red1 Kh8 20. Qb5 Bh5 21. Be2 Bxf3 22. Bxf3 Nd4 23. Bxd4 Qxd4 24. Be2 Be7 25. Bf1 Bc5 26. Rc2 e4 27. Re1 e3 28. Kh1 Re6 29. Qa6 h6 30. Qb7 Re7 31. Qf3 f4 32. fxe3 Rxe3 33. Rxe3 fxe3 34. Be2 Rf8 35. Qg4 Rf2 36. Qxd4 Bxd4 37. Kg1 Kg8 38. b3 Kf8 39. g3 Ke7 0-1

[Event "Uzhgorod Spring op"]
[Site "Uzhgorod"]
[Date "2007.05.26"]
[Round "5"]
[White "Kolbasin, Alexandr"]
[Black "Panchenko, Alexandar G"]
[Result "1-0"]
[WhiteElo "2042"]
[BlackElo "2365"]
[PlyCount "69"]
[EventDate "2007.05.24"]
[EventType "swiss"]
[EventRounds "7"]
[EventCountry "UKR"]
[SourceTitle "CBM 118 Extra"]
[Source "ChessBase"]
[SourceDate "2007.07.04"]
[SourceVersion "1"]
[SourceVersionDate "2007.07.04"]
[SourceQuality "1"]

1. c4 e6 2. Nc3 d5 3. cxd5 exd5 4. d4 c6 5. Nf3 Bd6 6. g3 Bf5 7. Bg2 Nd7 8. 0-0 Ngf6 9. Bg5 h6 10. Bxf6 Nxf6 11. Qb3 Qb6 12. Nd2 0-0 13. e3 Rfe8 14. Rfc1 Rab8 15. Qxb6 axb6 16. Na4 Ra8 17. Nc3 Ra7 18. a3 b5 19. Re1 Rea8 20. Rac1 b4 21. axb4 Bxb4 22. e4 dxe4 23. Ndxe4 Nxe4 24. Bxe4 Be6 25. Re3 Rd8 26. Rd3 Ra5 27. Ne2 Ra2 28. Rc2 g5 29. f4 Re8 30. Kf2 Kg7 31. Re3 Ra1 32. f5 Bc8 33. g4 Ba5 34. Ng3 Ra4 35. Bxc6 1-0

[Event "Uzhgorod Spring op"]
[Site "Uzhgorod"]
[Date "2007.05.26"]
[Round "4"]
[White "Panchenko, Alexandar G"]
[Black "Dovzik, Juri"]
[Result "0-1"]
[WhiteElo "2365"]
[BlackElo "2415"]
[PlyCount "52"]
[EventDate "2007.05.24"]
[EventType "swiss"]
[EventRounds "7"]
[EventCountry "UKR"]
[SourceTitle "CBM 118 Extra"]
[Source "ChessBase"]
[SourceDate "2007.07.04"]
[SourceVersion "1"]
[SourceVersionDate "2007.07.04"]
[SourceQuality "1"]

1. d4 f5 2. e4 fxe4 3. Nc3 Nf6 4. Bg5 Nc6 5. d5 Ne5 6. Qd4 Nf7 7. Bxf6 exf6 8. Nxe4 f5 9. Ng3 g6 10. 0-0-0 Bh6+ 11. f4 0-0 12. Nf3 Bg7 13. Qd2 b5 14. h4 h5 15. Bd3 Qf6 16. c3 Rb8 17. Rhe1 c5 18. Bf1 Rb6 19. Nh1 b4 20. c4 Ra6 21. Kb1 Qd8 22. g3 Qa5 23. b3 Qd8 24. Ne5 Qf6 25. Nf2 d6 26. Nfd3 Re8 0-1

[Event "Uzhgorod Spring op"]
[Site "Uzhgorod"]
[Date "2007.05.25"]
[Round "2"]
[White "Panchenko, Alexandar G"]
[Black "Bemak, Mikhail"]
[Result "1-0"]
[WhiteElo "2365"]
[BlackElo "2129"]
[PlyCount "81"]
[EventDate "2007.05.24"]
[EventType "swiss"]
[EventRounds "7"]
[EventCountry "UKR"]
[SourceTitle "CBM 118 Extra"]
[Source "ChessBase"]
[SourceDate "2007.07.04"]
[SourceVersion "1"]
[SourceVersionDate "2007.07.04"]
[SourceQuality "1"]

1. Nf3 Nf6 2. g3 g6 3. b3 Bg7 4. Bb2 0-0 5. Bg2 d6 6. d4 c6 7. 0-0 Nbd7 8. Nbd2 Qc7 9. e4 e5 10. dxe5 dxe5 11. Re1 b5 12. c4 Re8 13. Rc1 Qb6 14. Qc2 Bf8 15. cxb5 cxb5 16. Qc6 Bc5 17. Qxb6 Bxb6 18. h3 h5 19. Bf1 a6 20. a4 bxa4 21. bxa4 Bb7 22. Ba1 Ba5 23. Re3 Bxd2 24. Nxd2 Rac8 25. Rb1 Nc5 26. f3 Nfd7 27. Nc4 Re6 28. h4 f6 29. Bh3 Re7 30. Bxd7 Rxd7 31. Nb6 Rcd8 32. Nxd7 Rxd7 33. a5 Ne6 34. Kf2 Kf7 35. Rb6 Nd8 36. Reb3 Rc7 37. Ke3 Bc8 38. Rc3 Rxc3+ 39. Bxc3 Bb7 40. f4 exf4+ 41. gxf4 1-0

[Event "Oberliga NRW 0607"]
[Site "Germany"]
[Date "2007.04.15"]
[Round "8.4"]
[White "Rohde, Ulrich"]
[Black "Panchenko, Alexandar G"]
[Result "1/2-1/2"]
[WhiteElo "2240"]
[BlackElo "2369"]
[PlyCount "57"]
[EventDate "2006.09.17"]
[EventType "team-tourn"]
[EventRounds "9"]
[EventCountry "GER"]
[SourceTitle "EXT 2008"]
[Source "ChessBase"]
[SourceDate "2007.11.25"]
[SourceVersion "1"]
[SourceVersionDate "2007.11.25"]
[SourceQuality "1"]
[WhiteTeam "Godesberg II"]
[BlackTeam "Betzdorf Kirchen"]
[WhiteTeamCountry "GER"]
[BlackTeamCountry "GER"]

1. Nf3 d5 2. d4 Nc6 3. g3 Bf5 4. Bg2 e6 5. 0-0 Nf6 6. b3 Be7 7. Bb2 h6 8. Nbd2 0-0 9. c4 Ne4 10. cxd5 exd5 11. Ne5 Nxe5 12. dxe5 Nxd2 13. Qxd2 c6 14. Qd4 f6 15. exf6 Bxf6 16. Qd2 a5 17. Bd4 Qe7 18. Bxf6 Rxf6 19. e3 Be4 20. Rad1 Bxg2 21. Kxg2 Re6 22. Qb2 Re4 23. Rd4 Rf8 24. Rfd1 Qf6 25. Qe2 Rfe8 26. Qd2 Rxd4 27. Qxd4 Qxd4 28. Rxd4 Kf7 29. Kf3 1/2-1/2

[Event "Oberliga NRW 0607"]
[Site "Germany"]
[Date "2007.01.28"]
[Round "5.2"]
[White "Van der Weide, Karel"]
[Black "Panchenko, Alexandar G"]
[Result "1/2-1/2"]
[WhiteElo "2446"]
[BlackElo "2369"]
[PlyCount "65"]
[EventDate "2006.09.17"]
[EventType "team-tourn"]
[EventRounds "9"]
[EventCountry "GER"]
[SourceTitle "EXT 2008"]
[Source "ChessBase"]
[SourceDate "2007.11.25"]
[SourceVersion "1"]
[SourceVersionDate "2007.11.25"]
[SourceQuality "1"]
[WhiteTeam "Muenster"]
[BlackTeam "Betzdorf Kirchen"]
[WhiteTeamCountry "GER"]
[BlackTeamCountry "GER"]

1. e4 Nf6 2. e5 Nd5 3. d4 d6 4. Nf3 dxe5 5. Nxe5 c6 6. Be2 g6 7. 0-0 Bg7 8. c4 Nc7 9. f4 Nd7 10. Nc3 c5 11. d5 Nxe5 12. fxe5 Bxe5 13. Bh6 f5 14. Bd3 Qd6 15. Kh1 Bd7 16. Qf3 0-0-0 17. Rae1 Bxh2 18. Re3 Be5 19. Rfe1 Bf6 20. Bf4 Qb6 21. Rxe7 Bxe7 22. Rxe7 Rde8 23. Rxd7 Kxd7 24. d6 Re1+ 25. Kh2 Ne6 26. Bg3 Ra1 27. Bxf5 gxf5 28. Qxf5 Rf8 29. Qxh7+ Kc6 30. Qe4+ Kd7 31. Qh7+ Kc6 32. Qe4+ Kd7 33. Qh7+ 1/2-1/2

[Event "Oberliga NRW 0607"]
[Site "Germany"]
[Date "2006.12.17"]
[Round "4.2"]
[White "Panchenko, Alexandar G"]
[Black "Stoyanov, Petar"]
[Result "1-0"]
[WhiteElo "2369"]
[BlackElo "2266"]
[PlyCount "111"]
[EventDate "2006.09.17"]
[EventType "team-tourn"]
[EventRounds "9"]
[EventCountry "GER"]
[SourceTitle "EXT 2008"]
[Source "ChessBase"]
[SourceDate "2007.11.25"]
[SourceVersion "1"]
[SourceVersionDate "2007.11.25"]
[SourceQuality "1"]
[WhiteTeam "Betzdorf Kirchen"]
[BlackTeam "Gescher"]
[WhiteTeamCountry "GER"]
[BlackTeamCountry "GER"]

1. Nf3 Nf6 2. g3 g6 3. b3 Bg7 4. Bb2 d6 5. d4 Nbd7 6. Bg2 e5 7. dxe5 Ng4 8. c4 0-0 9. 0-0 Ngxe5 10. Nc3 Nxf3+ 11. Bxf3 Rb8 12. Qd2 a6 13. Rac1 Re8 14. Bg2 h5 15. h3 Nf6 16. Nd5 Bf5 17. Qd4 Re6 18. Rfe1 Ne8 19. Qd2 Be4 20. Bxg7 Nxg7 21. f3 Bxd5 22. cxd5 Re7 23. h4 c6 24. dxc6 Qb6+ 25. Kh2 bxc6 26. Qxd6 Nf5 27. Qc5 Qc7 28. f4 Re3 29. Qxc6 Qxc6 30. Rxc6 Nxg3 31. Rxa6 Nf5 32. Bd5 Rd8 33. Bc4 Nxh4 34. Rg1 Rd7 35. Rg3 Re4 36. f5 Nxf5 37. Rgxg6+ Kf8 38. Rg5 Rh4+ 39. Kg2 Ne3+ 40. Kg3 Re4 41. Bd3 Rg4+ 42. Rxg4 Nxg4 43. Ra5 Nf6 44. Rf5 Ke7 45. a4 Ke6 46. Rg5 Rd4 47. a5 h4+ 48. Kh3 Nd7 49. Bf5+ Kf6 50. Rg4 Rd5 51. Bxd7 Rxd7 52. b4 Re7 53. b5 Rxe2 54. b6 Rb2 55. Ra4 Kg5 56. Ra3 1-0

[Event "NRW Class2 0506"]
[Site "Germany"]
[Date "2006.02.12"]
[Round "6.3"]
[White "Hirsch, Stefan"]
[Black "Panchenko, Alexandar G"]
[Result "1-0"]
[WhiteElo "2217"]
[BlackElo "2412"]
[PlyCount "91"]
[EventDate "2005.09.25"]
[EventType "team"]
[EventRounds "9"]
[EventCountry "GER"]
[SourceTitle "EXT 2006"]
[Source "ChessBase"]
[SourceDate "2005.11.24"]
[SourceVersion "1"]
[SourceVersionDate "2005.11.24"]
[SourceQuality "1"]
[WhiteTeam "Wattenscheid II"]
[BlackTeam "Betzdorf Kirchen"]
[WhiteTeamCountry "GER"]
[BlackTeamCountry "GER"]

1. d4 Nf6 2. Nf3 e6 3. g3 b5 4. Bg2 Bb7 5. 0-0 c5 6. c3 Be7 7. dxc5 Bxc5 8. Qd3 a6 9. Bf4 d5 10. Nbd2 Nbd7 11. Ne5 g5 12. Nxd7 Nxd7 13. Nb3 Bb6 14. Bd6 Qf6 15. a4 bxa4 16. Rxa4 Qg6 17. Na5 Qxd3 18. exd3 Bxa5 19. Rxa5 Nb8 20. Rfa1 Nc6 21. R5a4 0-0-0 22. Bc5 f5 23. d4 Kc7 24. b4 Rhe8 25. Bf1 Nb8 26. Ba7 Rc8 27. Bd3 h5 28. R4a2 Re7 29. Re1 Ree8 30. Bc5 Bc6 31. Bxa6 Nxa6 32. Rxa6 Ra8 33. Rxa8 Bxa8 34. b5 Bb7 35. Ra1 g4 36. Kf1 Rh8 37. Ke2 h4 38. Ke3 hxg3 39. hxg3 Rh2 40. Ra2 Rh1 41. Kf4 Re1 42. Kg5 Kd7 43. Kf6 Kc7 44. Ke7 Re4 45. Bd6+ Kb6 46. Kd7 1-0

[Event "Kiev-ch"]
[Site "Kiev"]
[Date "2006.01.31"]
[Round "9"]
[White "Melnichuk, Mikhail"]
[Black "Panchenko, Alexandar G"]
[Result "1/2-1/2"]
[WhiteElo "2118"]
[BlackElo "2393"]
[PlyCount "51"]
[EventDate "2006.01.24"]
[EventType "swiss"]
[EventRounds "11"]
[EventCountry "UKR"]
[SourceTitle "CBM 110 Extra"]
[Source "ChessBase"]
[SourceDate "2006.03.10"]
[SourceVersion "2"]
[SourceVersionDate "2006.03.10"]
[SourceQuality "1"]

1. d4 d5 2. c4 Nc6 3. Nc3 dxc4 4. d5 Ne5 5. Qd4 Ng6 6. e4 e5 7. Qxc4 a6 8. Nf3 Bd6 9. Be2 Nf6 10. a4 Bd7 11. a5 c6 12. 0-0 cxd5 13. Nxd5 Nxd5 14. Qxd5 Bc6 15. Qb3 0-0 16. Bc4 h6 17. Bd5 Bxd5 18. Qxd5 Qc7 19. Be3 Ne7 20. Qb3 Nc6 21. Bb6 Qe7 22. Rfd1 Bc7 23. h3 Rfd8 24. Rd5 Bxb6 25. Qxb6 Rd7 26. Rad1 1/2-1/2

[Event "Kiev-ch"]
[Site "Kiev"]
[Date "2006.01.30"]
[Round "8"]
[White "Panchenko, Alexandar G"]
[Black "Goncharov, Oleh"]
[Result "1-0"]
[WhiteElo "2393"]
[BlackElo "2172"]
[PlyCount "85"]
[EventDate "2006.01.24"]
[EventType "swiss"]
[EventRounds "11"]
[EventCountry "UKR"]
[SourceTitle "CBM 110 Extra"]
[Source "ChessBase"]
[SourceDate "2006.03.10"]
[SourceVersion "2"]
[SourceVersionDate "2006.03.10"]
[SourceQuality "1"]

1. d4 Nf6 2. Bg5 Ne4 3. Bh4 d5 4. f3 g5 5. fxe4 gxh4 6. exd5 Qxd5 7. Nc3 Qh5 8. e4 Bg4 9. Be2 Bxe2 10. Qxe2 Qxe2+ 11. Ngxe2 e6 12. e5 Bb4 13. 0-0 Nc6 14. Ne4 Ne7 15. c3 Ba5 16. Kh1 Nf5 17. Ng1 c6 18. Rf4 Bd8 19. Raf1 Be7 20. R1f3 Rg8 21. Ne2 h5 22. c4 0-0-0 23. c5 Rg4 24. Nd6+ Bxd6 25. exd6 Rdg8 26. Rf2 b6 27. b4 Kd7 28. h3 R4g7 29. Nc3 bxc5 30. dxc5 Ng3+ 31. Kg1 f5 32. b5 cxb5 33. Nxb5 Rb8 34. Rb4 a6 35. c6+ Kxc6 36. Nd4+ Kd5 37. Rxb8 Ne4 38. Rf1 Kxd4 39. d7 Rxd7 40. Rd1+ Ke3 41. Rxd7 e5 42. Rb3+ Kf4 43. Ra7 1-0